000 01358nam a2200397 a 4500
001 vtls000370401
003 NLI
005 20210602175007.0
008 110113s1990 ii e 000 0 eng d
020 _cRs.125.00
039 9 _a201701191507
_bsyamalkb
_c201602171515
_dkrishanuc
_y201101132228
_zVLOAD
040 _aNLI :
_beng
_cNLMARC21
044 _aii
082 0 _a954.162
_222
100 1 _aDutta, Ajit Kumar
_9551104
245 1 _aManiram dewan and the contemporary Assamese society/
_cAjit Kumar Dutta
260 _aJorhat, Assam :
_bAnupama Dutta,
_c1990.
300 _ax, 283p. :
_bmap.;
_c22cm.
400 1 _aDatta, Ajit Kumar
504 _aIncludes bibliograhical references.
650 0 _aDewan, Maniram
_xCriticism and interpretation
_9551105
651 0 _aAssam
_xHistory
_95686
651 0 _aAssam
_xPolitics and government
_9551106
887 _aBKM sg
901 _aDB91364 :
_b31.1.04
901 _aDB143308 (cop.2) :
_b27.08.2013
902 _aE 954.162 D 954
904 _aBKM
905 _asg
905 _akrishanu
942 _2ddc
_cBKS
949 _AVIRTUAITEM
_D10000
_X100
_6DBA000091364ENG
949 _AVIRTUAITEM
_D10000
_F2
_X100
_6DBA000143308ENG
999 _aVIRTUA40
_c327872
_d327872
999 _aVTLSSORT0080*0200*0400*0440*0820*1000*2450*2600*3000*4000*5040*6500*6510*6511*8520*9010*9011*9020*9040*9050*9051*9490*9992